Statistics for 2017 Formula 1 Teams

Click here to take the quiz!

General Stats

  • This quiz has been taken 191 times
  • The average score is 10 of 10

Answer Stats

Answer% Correct
Ferrari
99%
Red Bull
99%
Williams
99%
Mercedes
98%
McLaren
96%
Haas
93%
Renault
93%
Toro Rosso
93%
Force India
91%
Sauber
90%

Score Distribution

Percentile by Number Answered

Percent of People with Each Score

Your Score History

You have not taken this quiz